<?xml version="1.0" encoding="UTF-8"?><?xml-stylesheet type="text/xsl" href="static/style.xsl"?><OAI-PMH xmlns="http://www.openarchives.org/OAI/2.0/" xmlns:xsi="http://www.w3.org/2001/XMLSchema-instance" xsi:schemaLocation="http://www.openarchives.org/OAI/2.0/ http://www.openarchives.org/OAI/2.0/OAI-PMH.xsd"><responseDate>2026-04-13T07:31:12Z</responseDate><request verb="GetRecord" identifier="oai:www.recercat.cat:10459.1/72171" metadataPrefix="marc">https://recercat.cat/oai/request</request><GetRecord><record><header><identifier>oai:recercat.cat:10459.1/72171</identifier><datestamp>2024-12-05T21:45:00Z</datestamp><setSpec>com_2072_3622</setSpec><setSpec>col_2072_479130</setSpec></header><metadata><record xmlns="http://www.loc.gov/MARC21/slim" xmlns:dcterms="http://purl.org/dc/terms/" xmlns:xsi="http://www.w3.org/2001/XMLSchema-instance" xmlns:doc="http://www.lyncode.com/xoai" xsi:schemaLocation="http://www.loc.gov/MARC21/slim http://www.loc.gov/standards/marcxml/schema/MARC21slim.xsd">
   <leader>00925njm 22002777a 4500</leader>
   <datafield ind2=" " ind1=" " tag="042">
      <subfield code="a">dc</subfield>
   </datafield>
   <datafield ind2=" " ind1=" " tag="720">
      <subfield code="a">Ammagarahalli Munishamappa, Byrappa</subfield>
      <subfield code="e">author</subfield>
   </datafield>
   <datafield ind2=" " ind1=" " tag="720">
      <subfield code="a">Chianella, Lucia</subfield>
      <subfield code="e">author</subfield>
   </datafield>
   <datafield ind2=" " ind1=" " tag="720">
      <subfield code="a">Gomes, Pedro</subfield>
      <subfield code="e">author</subfield>
   </datafield>
   <datafield ind2=" " ind1=" " tag="720">
      <subfield code="a">Gemeno Marín, César</subfield>
      <subfield code="e">author</subfield>
   </datafield>
   <datafield ind2=" " ind1=" " tag="260">
      <subfield code="c">2021-10-28T10:28:48Z</subfield>
   </datafield>
   <datafield ind2=" " ind1=" " tag="260">
      <subfield code="c">2021-10-28T10:28:48Z</subfield>
   </datafield>
   <datafield ind2=" " ind1=" " tag="260">
      <subfield code="c">2017-02-27</subfield>
   </datafield>
   <datafield ind2=" " ind1=" " tag="260">
      <subfield code="c">2021-10-28T10:28:48Z</subfield>
   </datafield>
   <datafield ind2=" " ind1=" " tag="520">
      <subfield code="a">Female Grapholita molesta (Busck) release a pheromone blend composed of two stereoisomeric acetates (Z8-12:Ac and E8-12:Ac), which in a 100:6 ratio stimulate maximum conspecific male approach. Z8-12:OH is described as a third pheromone component that increases responses to the acetate blend. Departures from the optimal pheromone blend ratio, or too high or low pheromone doses of the optimal blend ratio, result in lower male response. In a previous study, we show that plant volatiles synergize male response to a suboptimal-low pheromone concentration. In the present study, we show that the plant blend does not synergize male response to a suboptimal-high pheromone dose. The plant blend, however, synergized male response to pheromone blends containing unnatural Z:E-acetate isomer ratios. We revisited the role of alcohols in the pheromone response of G. molesta by replacing Z8-12:OH with conspecific and heterospecific pheromone alcohols or with plant odors. Codlemone, the alcohol sex pheromone of Cydia pomonella L., E8, E10-12:OH, did supplant the role of Z8-12:OH, and so did the plant volatile blend. Dodecenol (12:OH), which has been described as a fourth pheromone component of G. molesta, also increased responses, but not as much as Z8-12:OH, codlemone or the plant blend. Our results reveal new functions for plant volatiles on moth sex pheromone response under laboratory conditions, and shed new light on the role of alcohol ingredients in the pheromone blend of G. molesta.</subfield>
   </datafield>
   <datafield ind2=" " ind1=" " tag="520">
      <subfield code="a">BA was supported by a Ph.D. fellowship from MINECO Ministry of Spain, and CG by research Grant AGL2010-17486 from the same agency. PG visit to the UdL was supported by CNPq-Brasil program ‘Science without Borders’. LC visit to the Udl was supported by the School of Agriculture and Veterinary medicine, Alma Mater studiorum, Università di Bologna, as part of the project concerning the development of a Master thesis abroad.</subfield>
   </datafield>
   <datafield ind1="8" ind2=" " tag="024">
      <subfield code="a">http://hdl.handle.net/10459.1/72171</subfield>
   </datafield>
   <datafield tag="653" ind2=" " ind1=" ">
      <subfield code="a">Insect</subfield>
   </datafield>
   <datafield tag="653" ind2=" " ind1=" ">
      <subfield code="a">Moth</subfield>
   </datafield>
   <datafield tag="653" ind2=" " ind1=" ">
      <subfield code="a">Olfaction</subfield>
   </datafield>
   <datafield tag="653" ind2=" " ind1=" ">
      <subfield code="a">Behavior</subfield>
   </datafield>
   <datafield ind2="0" ind1="0" tag="245">
      <subfield code="a">Role of plant volatiles and hetero-specific pheromone components in the wind tunnel response of male Grapholita molesta (Lepidoptera: Tortricidae) to modified sex pheromone blends</subfield>
   </datafield>
</record></metadata></record></GetRecord></OAI-PMH>